Upsetting national priorities? The Regan administrations's Budgetancy strategy (Record no. 4854)

000 -LEADER
fixed length control field 00464pab a2200169 454500
008 - FIXED-LENGTH DATA ELEMENTS--GENERAL INFORMATION
fixed length control field 180718b1988 xxu||||| |||| 00| 0 eng d
100 ## - MAIN ENTRY--PERSONAL NAME
Personal name Kamlet, Mark S.
245 ## - TITLE STATEMENT
Title Upsetting national priorities? The Regan administrations's Budgetancy strategy
260 ## - PUBLICATION, DISTRIBUTION, ETC.
Date of publication, distribution, etc. 1988
300 ## - PHYSICAL DESCRIPTION
Extent 1293-1307
362 ## - DATES OF PUBLICATION AND/OR SEQUENTIAL DESIGNATION
Dates of publication and/or sequential designation Dec.
650 ## - SUBJECT ADDED ENTRY--TOPICAL TERM
Topical term or geographic name entry element Budget - U.S.A.
700 ## - ADDED ENTRY--PERSONAL NAME
Personal name Tsai - Tsusu
700 ## - ADDED ENTRY--PERSONAL NAME
Personal name David C. Mowery
773 ## - HOST ITEM ENTRY
Main entry heading American Political Science Review
909 ## -
-- 4854
Holdings
Withdrawn status Lost status Damaged status Not for loan Permanent Location Current Location Date acquired Serial Enumeration / chronology Barcode Date last seen Price effective from Koha item type
        Indian Institute of Public Administration Indian Institute of Public Administration 2018-07-19 Volume no: 82, Issue no: 4 AR4860 2018-07-19 2018-07-19 Articles

Powered by Koha